| 000 | 00754nam a2200265Ia 4500 | ||
|---|---|---|---|
| 001 | 19571 | ||
| 003 | DO-CoUTE | ||
| 005 | 20260204212625.0 | ||
| 008 | 220104s9999 dr 000 0 spa d | ||
| 020 | _a978-950-808-920-5 | ||
| 040 |
_aDO-CoUTE _bspa _cDO-CoUTE |
||
| 041 | 0 | _aspa | |
| 082 | _a613.9071 F162e | ||
| 100 | 1 | _aFainsod, Paula | |
| 245 | 1 | 0 | _aEducación para la salud y género:escenas del currículum en acción / Paula Fainsod, Marta Busca |
| 260 | _aSanta Fe, Argentina : Editorial Homo Sapiens | ||
| 300 | _a170 páginas | ||
| 650 | 4 | _aEducación | |
| 650 | 4 | _aEducación sexual | |
| 650 | 4 | _aSalud | |
| 700 | 1 | _aBusca, Mata | |
| 942 |
_2ddc _cBK |
||
| 999 |
_c21360 _d21360 |
||